Word Ladder: Boys' Names Quiz Stats

Quiz Updated May 25, 2015

Challenge
Share
Tweet
Embed
Score 0/76 Timer 08:00
1 Play Today
Hint 4-Letter Word % Correct
Pitt, Paisley, or GarrettBRAD
95.5%
Not softHARD
94.8%
Use the telephoneCALL
93.6%
Rickman, Alda, or ThickeALAN
93.5%
Top of the bodyHEAD
93.5%
You use them to hearEARS
93.2%
Not yoursMINE
93.1%
Places to drinkBARS
92.9%
Truth or ___?DARE
92.9%
NakedBARE
92.7%
CorridorHALL
92.5%
Droplet of sweatBEAD
92%
'Walk the ___'LINE
91.2%
Horse's hairMANE
91.1%
Ace or KingCARD
90.9%
TV show, 'My Name is ____'EARL
90.5%
Weathers, Sagan or ReinerCARL
90.4%
Raisin _____BRAN
90.3%
Striped Christmas candyCANE
90.1%
Superman accessoryCAPE
89%
Flock, crowdHERD
88.8%
Where the money is keptBANK
88.2%
___ of ArcJOAN
87.4%
Water around a castleMOAT
86.9%
Earnhardt, his son, or a ChipmunkDALE
86.8%
OkayFINE
84.6%
Ugly Duckling, eventuallySWAN
84%
FlamesFIRE
83.9%
Wahlberg, Zuckerberg, or TwainMARK
83.8%
Sweet Spanish dessertFLAN
83.4%
Hearty's partner or golfer IrwinHALE
83%
WailMOAN
82.6%
Actor Kranz or actress DrescherFRAN
82.4%
Takes to courtSUES
81.8%
Aaron, Azaria, or WilliamsHANK
81.6%
Pepper's partnerSALT
81.5%
BurdenBANE
81.5%
Camera partLENS
80.7%
Hint 4-Letter Word % Correct
Actor McGregorEWAN
80.6%
Huck, or a 'Glee' characterFINN
80.4%
Actor Astin or BeanSEAN
78.4%
Dujardin, Reno, (French for John)JEAN
78.4%
Studly dudeHUNK
78.2%
Stove partnerOVEN
77.8%
'___ Almighty' (2007 film)EVAN
77.7%
Phoenix teamSUNS
77.5%
DiCaprio and othersLEOS
77.3%
EyesSEES
75.8%
Gone underSUNK
75.3%
Guys, blokesMALE
74.8%
StareGAPE
72.8%
Frozen's reindeer, or a Danish kingSVEN
72%
SongbirdLARK
71.7%
SpottedSEEN
71.2%
'Perfect Strangers' actor Mark _____-BakerLINN
70.8%
Soccer legendPELÉ
69.8%
Fountain orderMALT
69.7%
Middle eastern countryOMAN
69.4%
SignOMEN
68.9%
ShedMOLT
68.7%
Moody, Pavlov, or LendlIVAN
68.3%
Sayers, Harold, or a Hunger Games HawthorneGALE
68%
Mall drawSALE
67.9%
Cabbage kinKALE
67.5%
Trotsky, Uris, or SchusterLEON
66.9%
David Bowie's model wifeIMAN
64%
ChargeFARE
59.5%
Irish flatbreadFARL
57.9%
Chandler, MacLachlan, or a 'South Park' kidKYLE
57.4%
SlenderLANK
53.7%
PC linkupsLANS
52.8%
Confined (with up)PENT
49.7%
Actress MissiPYLE
49.4%
HidePELT
48.4%
Famous NYC stationPENN
48.3%
DronePEON
43.1%

Today's Daily Dose

You're not logged in!

Compare scores with friends on all Sporcle quizzes.
Sign Up with Email
OR
Log In

You Might Also Like...

Show Comments

Extras

Top Quizzes Today


Score Distribution

Your Account Isn't Verified!

In order to create a playlist on Sporcle, you need to verify the email address you used during registration. Go to your Sporcle Settings to finish the process.